000 00990naa a22003137a 4500
001 BR9404899
003 BR-BrBNA
005 20240918181242.0
007 ta
008 230509b bl.||||| |||| 00| 0 por d
040 _aBR-BrBNA
_bpor
_cBiblioteca Nacional de Agricultura
041 _a(Pt)
072 _aE10; E50
090 _aE10 BR9404899
100 1 _aBarros, R.P. de
100 1 _aCamargo, I.M.
100 1 _aMendonca, R.
245 1 _aUma agenda de combate a pobreza no Brasil
260 3 _aRio de Janeiro, RJ (Brasil):
_c1994.
500 _aPerspectivas da economia brasileira - 1994 Rio de Janeiro, RJ (Brasil): 1994. v. 1 p. 117-129 (BR9404899-AM)E10
650 _aPobreza Rural
650 _aRenda
650 _aEducacao
650 _aTrabalho
650 _aEmprego
773 0 _tPerspectivas da economia brasileira - 1994
_wE10 BR9404899
_gRio de Janeiro, RJ (Brasil), 1994. v. 1 p. 117-129
909 _a202404
_bLucia
_c55
_dLucia Elande
942 _cAM
_2AGRIS
999 _c324359
_d324359